BIBLIOTECA

SENCICO

Manual del manejo de la basura : una guía paso a paso (Registro nro. 1307)

Detalles MARC
000 -LEADER
fixed length control field 00692nam a2200277Ia 4500
005 - DATE AND TIME OF LATEST TRANSACTION
control field 20251020182507.0
008 - FIXED-LENGTH DATA ELEMENTS--GENERAL INFORMATION
fixed length control field 200515s9999 xx 000 0 und d
020 ## - INTERNATIONAL STANDARD BOOK NUMBER
International Standard Book Number 968-24-3499-8
082 ## - DEWEY DECIMAL CLASSIFICATION NUMBER
Classification number 628.4.46/L51
100 ## - MAIN ENTRY--PERSONAL NAME
Personal name Lesur, Luis
245 #0 - TITLE STATEMENT
Title Manual del manejo de la basura : una guía paso a paso
250 ## - EDITION STATEMENT
Edition statement 1a ed.
260 ## - PUBLICATION, DISTRIBUTION, ETC.
Place of publication, distribution, etc. México, D.F.
260 ## - PUBLICATION, DISTRIBUTION, ETC.
Name of publisher, distributor, etc. Trillas
260 ## - PUBLICATION, DISTRIBUTION, ETC.
Date of publication, distribution, etc. 1998
300 ## - PHYSICAL DESCRIPTION
Extent 96 p.
300 ## - PHYSICAL DESCRIPTION
Other physical details il., graf., fot., col.
490 ## - SERIES STATEMENT
Series statement Cómo hacer bien y fácilmente
500 ## - GENERAL NOTE
General note 2 ejemplares
650 ## - SUBJECT ADDED ENTRY--TOPICAL TERM
Topical term or geographic name entry element BASURA
650 ## - SUBJECT ADDED ENTRY--TOPICAL TERM
Topical term or geographic name entry element BASURA Y DESPERDICIOS - ELIMINACION
650 ## - SUBJECT ADDED ENTRY--TOPICAL TERM
Topical term or geographic name entry element MANUALES
942 ## - ADDED ENTRY ELEMENTS (KOHA)
Koha item type Libros
Existencias
Fecha de la última vez que lo usaron Pago total Signatura topográfica completa Código de barras Precio efectivo desde Tipo de documento Estado perdido Estado dañado No es para préstamo Retirado Ubicación permanente Ubicación actual Fecha de adquisición Número de ejemplar
15/05/2020   628.4.46/L51 Bib-Lima15051307 15/05/2020 Libros         Biblioteca Central Lima Biblioteca Central Lima 15/05/2020  
15/05/2020   628.4.46/L51 Bib-Lima16051307 15/05/2020 Libros         Biblioteca Central Lima Biblioteca Central Lima 15/05/2020 Ej.2